North American Physical Geography by Picture - Statistics

General Stats
  • This quiz has been taken 352 times
    50 since last reset
  • The average score is 13 of 18
Answer Stats
Picture Hint Answer % Correct
waterfalls {Niagara} Falls
100%
island Greenland
94%
gorge Grand Canyon
90%
delta {Mississippi} River Delta
90%
isthmus Isthmus of {Panama}
88%
lake (in dark blue) Lake {Superior}
88%
archipelago Lesser {Antilles}
86%
island Baffin Island
80%
flatland Great {Plains}
80%
nature park Death Valley
78%
peninsula Yucatán
78%
lake Lake {Nicaragua}
73%
fault {San} {Andreas} Fault
73%
archipelago {Aleutian} Islands
65%
mountain Mount St. Helens
61%
nature park Banff
53%
sinkhole Great Blue Hole
37%
barrier islands Outer Banks
35%
No matching quizzes found
Score Distribution
Percent of People with Each Score
Percentile by Number Answered
Your Score History
You have not taken this quiz since the last reset